Desarrollo por receta /

Peter Lawrence reseña los libros de Paul Collier The Bottom Billion y War: Guns and Votes. Soluciones cuantitativas y tecnocráticas para resolver la pobreza global expuestas por un funcionario del Banco Mundial.

Αποθηκεύτηκε σε:
Λεπτομέρειες βιβλιογραφικής εγγραφής
Κύριος συγγραφέας: Lawrence, Peter
Μορφή: Κείμενο
Θέματα:
Ετικέτες: Προσθήκη ετικέτας
Δεν υπάρχουν, Καταχωρήστε ετικέτα πρώτοι!

MARC

LEADER 00000 a a2200000 04500
001 41464
003
040
100 |a Lawrence, Peter  
245 |a Desarrollo por receta /  |c Peter Lawrence  
520 |a Peter Lawrence reseña los libros de Paul Collier The Bottom Billion y War: Guns and Votes. Soluciones cuantitativas y tecnocráticas para resolver la pobreza global expuestas por un funcionario del Banco Mundial.  
590 |a RRA/AGOSTO2011  
650 |a 1.RESEÑAS BIBLIOGRAFICAS  
650 |a 2.DESARROLLO ECONOMICO  
773 |g número62 ( , 2010), páginas 138-149  
999 |c 32346  |d 32346